Kurs teorii verojatnostej i matematičeskej statistiki

Saved in:
Bibliographic Details
Main Authors: Pitiev, Jurij P. (Author), Šišmarev, Aleksandr Ilja (Author)
Format: Book
Language:Russian
Published: Moskva : Nauka, 1983
Tags: Add Tag
No Tags, Be the first to tag this record!

MARC

LEADER 00000nam a22000003a 4500
001 stu95046
005 20150617225814.1
008 050715s1983----xxr-----------------rus-d
040 |a STU  |b slo 
041 0 |a rus 
044 |a xxr 
080 |a 519.2 
100 1 |a Pitiev, Jurij P.  |4 aut 
245 1 |a Kurs teorii verojatnostej i matematičeskej statistiki 
260 |a Moskva :  |b Nauka,  |c 1983 
300 |a 250 s 
700 1 |a Šišmarev, Aleksandr Ilja  |4 aut 
996 |b E54152  |c E*54152  |l EE03  |s P  |a 0  |w stu95046_0001 
996 |b E54153  |c E*54153  |l EE03  |s P  |a 0  |w stu95046_0002 
996 |b E54154  |c E*54154  |l EE03  |s P  |a 0  |w stu95046_0003